Flags of Africa Quiz (Randomized) - Statistics

General Stats
  • This quiz has been taken 21 times
  • The average score is 42 of 54
Answer Stats
Picture Answer % Correct
Cameroon
100%
Niger
100%
Nigeria
100%
South Africa
100%
Algeria
91%
Angola
91%
Chad
91%
Egypt
91%
Ivory Coast
91%
Kenya
91%
Liberia
91%
Libya
91%
Morocco
91%
Tunisia
91%
Uganda
91%
Ethiopia
82%
Gabon
82%
Gambia
82%
Ghana
82%
Guinea
82%
Madagascar
82%
Mozambique
82%
Senegal
82%
Somalia
82%
Benin
73%
Botswana
73%
Burkina Faso
73%
Burundi
73%
Democratic Republic of the Congo
73%
Djibouti
73%
Eritrea
73%
Eswatini
73%
Lesotho
73%
Malawi
73%
Mali
73%
Mauritius
73%
Namibia
73%
Seychelles
73%
South Sudan
73%
Sudan
73%
Tanzania
73%
Togo
73%
Zambia
73%
Cape Verde
64%
Central African Republic
64%
Comoros
64%
Equatorial Guinea
64%
Guinea-Bissau
64%
Mauritania
64%
Republic of the Congo
64%
Rwanda
64%
Sao Tome and Principe
64%
Sierra Leone
64%
Zimbabwe
64%
No matching quizzes found
Score Distribution
Percent of People with Each Score
Percentile by Number Answered
Your Score History
You have not taken this quiz